Die Kontrolle bei der Manipulation und Buchführung in Banken, Kredit-Instituten, Sparkassen

Salvato in:
Dettagli Bibliografici
Natura: Libro
Lingua:tedesco
Pubblicazione: Wien Leopold Weiss 1903
Tags: Aggiungi Tag
Nessun Tag, puoi essere il primo ad aggiungerne!!

MARC

LEADER 00000nam a2200000 4500
001 0303294
005 20240731104155.6
041 0 |a ger 
044 |a AT 
245 1 0 |a Die Kontrolle bei der Manipulation und Buchführung in Banken, Kredit-Instituten, Sparkassen  |c Porges, Karl 
264 1 |a Wien  |b Leopold Weiss  |c 1903